000 00434nam a2200145Ia 4500
008 231129s2016||||xx |||||||||||||| ||spa||
020 _a978-958-14-1465-9
040 _bspa
082 _a(i) 398.2 H973c
100 _aHutchings Axelle
245 0 _aCuentos y leyendas de los hebreos: un pueblo de Oriente Medio
260 _c2016
264 _aBogotá Colombia : Plaza y Janés
942 _2ddc
_cBKS
999 _c3100
_d3100